000239294 001__ 239294
000239294 005__ 20210922173048.0
000239294 0247_ $$2GEPRIS$$aG:(GEPRIS)5342988$$d5342988
000239294 0247_ $$2Dimensions$$aG:(Dimensions)grant.4764205$$dgrant.4764205
000239294 035__ $$aG:(GEPRIS)5342988
000239294 150__ $$aThree-dimensional structure and interactions of the calcium channel ß-subunits$$y2001-01-01 - 2009-12-31
000239294 5101_ $$0I:(DE-588b)2007744-0 $$aGerman Research Foundation$$bDFG
000239294 680__ $$aSpannungsabhängige Kalziumkanäle setzen elektrische Signale in intrazelluläre Kalziumskonzentrationserhöhungen um und sind daher für eine Reihe physiologischer Prozesse von entscheidender Bedeutung. Diese Kanäle sind heteromultimere Komplexe, sie bestehen
000239294 909CO $$ooai:juser.fz-juelich.de:895149$$pauthority$$pauthority:GRANT
000239294 909CO $$ooai:juser.fz-juelich.de:895149
000239294 980__ $$aG
000239294 980__ $$aAUTHORITY